Funiculaire aerien a l'Aiguille du Midi Chamonix
Descripción Física:
23 p. : il. ; 31 cm
Materias:
Funiculars -- Chamonix
MARC
| LEADER | 00000nam a2200000Ia 4500 | ||
|---|---|---|---|
| 001 | 22754 | ||
| 008 | 160829s1925 xx 000 0 cat d | ||
| 080 | |a RF-17-3 | ||
| 245 | |a Funiculaire aerien a l'Aiguille du Midi Chamonix | ||
| 260 | |a Milan : |b Ceretti & Tanfani S. A., |c 1925 | ||
| 300 | |a 23 p. : |b il. ; |c 31 cm | ||
| 590 | |a Prové de Q-501 | ||
| 650 | |a Funiculars |x Chamonix |9 47773 | ||
| 856 | 4 | |u https://media.diba.cat/diba/fitxers/arxiu/fulletons/bib_22754_1925_baixa.pdf |y Accés lliure | |
| 856 | 4 | |u https://media.diba.cat/diba/fitxers/arxiu/fulletons/bib_22754_1925_baixa.pdf |y Accés lliure | |
| 901 | |a Arxiu | ||
| 942 | |n 1 |2 udc | ||
| 952 | |0 0 |1 0 |4 0 |6 RF173 |7 1 |9 54091 |a Arxiu |b Arxiu |d 2016-12-01 |l 0 |o RF-17-3 |p 22754 |r 2016-12-01 00:00:00 |w 2016-12-01 |y ARXIU | ||
| 999 | |c 57959 |d 57959 | ||
| 900 | |a bib_22754_1925_baixa.pdf | ||